LEADER 01249nam a2200277 u 4500 001 000000063993 003 CaOOAMICUS 005 20070226121316.0 008 011112s2001 sp a u000 u spa u 020 $a8481557897 035 $a10909489 040 $aEE$bita$dEFR 100 1 $aGarcía Garrido, Manuel.$0(OLS)http://pul/name/2982 245 13$aEl comercio, los negocios y las finanzas en el mundo romano /$cManuel J. García Garrido. 260 $aMadrid :$bFundación de Estudios Romanos :$bEditorial Dykinson,$cc2001. 300 $a177 p. :$bil. ;$c25 cm 504 $a"Bibliografía": p. 140-160. 650 0$aFinance$zRome$xHistory.$2//eng$0(OLS)http://pul/subject/23858 651 0$aRome$xEconomic conditions.$2//eng$0(OLS)http://pul/subject/3665 850 $aPUL 852 $aPUL$W1$xDP1 Fondo Maccarrone$y58$m1527 E 86$j83013$nBK-PRI$b $qFondi$B83013$CPULBib$Z2$F83013 $H $81 941 1 $a1 961 $aINV: 90407 996 $6020$a8481557897$9(OLS)http://pul/number/83067 996 $6245$aEl comercio, los negocios y las finanzas en el mundo romano$9(OLS)http://pul/title/85283 996 $6260$aMadrid :$bFundación de Estudios Romanos :$bEditorial Dykinson$9(OLS)http://pul/publisher/70759 LEADER 01117nam a2200265 u 4500 001 000000075585 003 CaOOAMICUS 005 20070226123122.0 008 031009s2001 enk u000 u eng u 020 $a0521576156 035 $a10972409 040 $aPUL$bita 245 04$aThe Cambridge companion to Rousseau /$cedited by Patrick Riley. 260 $aCambridge :$bCambridge University Press,$c2001. 300 $axi, 453 p. ;$c23 cm 490 1 $aThe Cambridge companion 600 14$aRousseau, Jean-Jacques,$d1712-1778.$0(OLS)http://pul/subject/4954 700 1 $aRiley, Patrick.$0(OLS)http://pul/name/50247 830 4$aThe Cambridge companion.$0(OLS)http://pul/title/60427 850 $aPUL 852 $aPUL$W1$xSL Filosofia 2$y80$mPhil A8 42$j97231$nBK-PRI$b $qStampati altre collocazioni$B97231$CPULBib$Z2$F97231 $H92948 $81 941 1 $a10 996 $6020$a0521576156$9(OLS)http://pul/number/98693 996 $6245$aThe Cambridge companion to Rousseau$9(OLS)http://pul/title/99211 996 $6260$aCambridge :$bCambridge University Press$9(OLS)http://pul/publisher/50125